02934njm a2200505Ia 450000100060000000300090000600500170001500800410003204000130007304000130008610000110009910000180011010000380012824500210016625000110018726000110019826000320020930000100024130000290025150000600028050503220034065000550066270000590071770000510077670000800082770000760090770000730098370000560105670000820111270000670119470000800126170000820134170001200142370000750154370000750161870000980169370000790179170000920187070000820196270000890204470000730213370000850220670000760229170000610236724658IT-RoPAU20220918181112.0131025s9999 xx 000 0 und d aIT-RoPAU cIT-RoPAU aAA.VV. eAutore musica gCodice autore musica SPICS: 12000 aIn South America a1a ed. aITALIA bPOLYDORc1974 [1a Ed.:1974] aDISCO c36 minuti (Testo: pag.) aMusica strumentale. Arrangiamento di brani sudamericani aTico tico (4:00) - Malaguena (3:00) Tequila (5:00) - Papa Loves Mambo - Oh, Lonesome me - Brazil (3:00) - Perfidia (3:00) - Guantanamera (4:00) - Manha de carnaval (2:00) - Ole! O' cangaceiro (4:00) - The Wedding Samba (5:00) - El combanchero - La pachanga - Happy Brasilia (4:00) - La bamba (2:00) - La paloma (4:00) aARRANGIAMENTO [DISCHI]eCodice MATERIA SPICS: 9950 aLast JameseInterpretegCodice interprete SPICS: 10976 aLast JamesgCodice autore SPICS: 10976eAutore aAbreu ZequinhagCodice autore musica SPICS: 14497eAutore musicapTico tico aLecuona M.gCodice autore musica SPICS: 14010eAutore musicapMalaguena aRio ChuckgCodice autore musica SPICS: 15714eAutore musicapTequila aSalvetgCodice autore SPICS: 15715eAutorepTequila aRotter F.gCodice autore musica SPICS: 15716eAutore musicapPapa Loves Mambo aReichnergCodice autore SPICS: 22705eAutorepPapa Loves Mambo aHoffmangCodice autore musica SPICS: 27344eAutore musicapPapa Loves Mambo aDon GibsongCodice autore musica SPICS: 15718eAutore musicapOh, Lonesome me aSiegel R.M.gCodice autore musica SPICS: 14420eAutore musicapOh, Lonesome me - The Wedding Samba - El combanchero aLacalle J.M.gCodice autore musica SPICS: 14498eAutore musicapBrazil aDominiguezgCodice autore musica SPICS: 15719eAutore musicapPerfidia aAnonimogCodice autore musica SPICS: 2620eAutore musicapGuantanamera - La bamba - La paloma aBonfagCodice autore musica SPICS: 13934eAutore musicapManha de carnaval aNascimento MiltongCodice autore musica SPICS: 15502eAutore musicapOle! O' cangaceiro aEllsteingCodice autore musica SPICS: 15720eAutore musicapThe Wedding Samba aLeibowitzgCodice autore testo/musica SPICS: 27523eAutore musicapThe Wedding Samba aHernandez RafaelgCodice autore SPICS: 14367eAutorepEl combanchero aMarbot BernardgCodice autore musica SPICS: 25930eAutore musicapEl combanchero aDavidsongCodice autore musica SPICS: 15721eAutore musicapLa pachanga aBartelsgCodice autore SPICS: 15722eAutorepLa pachanga